Chen Shi Min : (Record no. 352542)
[ view plain ]
| 000 -LEADER | |
|---|---|
| fixed length control field | 00918 a2200265 4500 |
| 003 - CONTROL NUMBER IDENTIFIER | |
| control field | OSt |
| 005 - DATE AND TIME OF LATEST TRANSACTION | |
| control field | 20180116192338.0 |
| 008 - FIXED-LENGTH DATA ELEMENTS--GENERAL INFORMATION | |
| fixed length control field | 120517t xxu||||| |||| 00| 0 eng d |
| 010 ## - LIBRARY OF CONGRESS CONTROL NUMBER | |
| LC control number | 00273614 |
| 020 ## - INTERNATIONAL STANDARD BOOK NUMBER | |
| International Standard Book Number | 1875498893 |
| 035 ## - SYSTEM CONTROL NUMBER | |
| System control number | 000013803044 |
| 040 ## - CATALOGING SOURCE | |
| Transcribing agency | 0 |
| 082 ## - DEWEY DECIMAL CLASSIFICATION NUMBER | |
| Classification number | 720.951 |
| 100 1# - MAIN ENTRY--PERSONAL NAME | |
| Personal name | Chʻen, Shih-min, |
| 9 (RLIN) | 1635 |
| 245 10 - TITLE STATEMENT | |
| Title | Chen Shi Min : |
| Remainder of title | selected and current works / |
| Statement of responsibility, etc. | Chen Shi Min. |
| 260 ## - PUBLICATION, DISTRIBUTION, ETC. | |
| Place of publication, distribution, etc. | Mulgrave, Vic. : |
| Name of publisher, distributor, etc. | Images Pub. Group, |
| Date of publication, distribution, etc. | 1998. |
| 300 ## - PHYSICAL DESCRIPTION | |
| Extent | 256 p. : |
| Other physical details | ill. (some col.) ; |
| Dimensions | 31 cm. |
| 440 #4 - SERIES STATEMENT/ADDED ENTRY--TITLE | |
| Title | The Master architect series III, |
| 9 (RLIN) | 1636 |
| 500 ## - GENERAL NOTE | |
| General note | Includes bibliographical refrences and index |
| 600 10 - SUBJECT ADDED ENTRY--PERSONAL NAME | |
| Personal name | Chʻen, Shih-min, |
| Dates associated with a name | 1935- |
| General subdivision | Themes, motives. |
| 9 (RLIN) | 1637 |
| 650 #0 - SUBJECT ADDED ENTRY--TOPICAL TERM | |
| Topical term or geographic name entry element | Architecture, Chinese. |
| 9 (RLIN) | 1638 |
| 650 #0 - SUBJECT ADDED ENTRY--TOPICAL TERM | |
| Topical term or geographic name entry element | Architecture |
| Geographic subdivision | China |
| General subdivision | History |
| Chronological subdivision | 20th century. |
| 9 (RLIN) | 1639 |
| 942 ## - ADDED ENTRY ELEMENTS (KOHA) | |
| Institution code [OBSOLETE] | SADA |
| Koha item type | Book |
| Call number prefix | 720.951 CHE 1998 |
| Source of classification or shelving scheme | |
| Withdrawn status | Lost status | Source of classification or shelving scheme | Damaged status | Not for loan | Permanent Location | Current Location | Date acquired | Total Checkouts | Full call number | Barcode | Date last seen | Date last checked out | Cost, replacement price | Price effective from | Koha item type |
|---|---|---|---|---|---|---|---|---|---|---|---|---|---|---|---|
| School of Art Design and Architecture (SADA) | School of Art Design and Architecture (SADA) | 12/22/2010 | 1 | 720.951 CHE 1998 | SADA0000489 | 10/11/2012 | 10/10/2012 | 4291.00 | 08/05/2011 | Book |
